Công nghệ gia công kim loại /
Các phương pháp gia công phôi; Cơ sở lý thuyết và các phương pháp gia công cắt gọt kim loại....
Tallennettuna:
| Päätekijä: | |
|---|---|
| Muut tekijät: | , |
| Aineistotyyppi: | Kirja |
| Kieli: | Vietnamese |
| Julkaistu: |
Hà Nội :
Xây dựng,
1998.
|
| Aiheet: | |
| Tagit: |
Lisää tagi
Ei tageja, Lisää ensimmäinen tagi!
|
| Thư viện lưu trữ: | Mạng thư viện Đại học Đà Nẵng |
|---|
| LEADER | 01061cam a2200361 i 4500 | ||
|---|---|---|---|
| 001 | 000042690 | ||
| 003 | 565 | ||
| 005 | 20041027141243.0 | ||
| 008 | 010217b1998 vm 000 vie | ||
| 020 | |c 26000 | ||
| 040 | |a IRC |c IRC |d IRC | ||
| 041 | 0 | |a vie | |
| 082 | 1 | 4 | |a 671.5 |b PH-S |
| 100 | 1 | |a Phạm Đình Sung. | |
| 245 | 1 | 0 | |a Công nghệ gia công kim loại / |c Phạm Đình Sung, Bùi Lê Gôn, Trịnh Duy Cấp. |
| 260 | |a Hà Nội : |b Xây dựng, |c 1998. | ||
| 300 | |a 210 tr. ; |c 27 cm. | ||
| 520 | 3 | |a Các phương pháp gia công phôi; Cơ sở lý thuyết và các phương pháp gia công cắt gọt kim loại.... | |
| 630 | 0 | 4 | |a Luyện kim. |
| 630 | 0 | 4 | |a Gia công kim loại. |
| 650 | 0 | 4 | |a Kim loại |x Công nghệ gia công. |
| 700 | 1 | |a Trịnh Duy Cấp. | |
| 700 | 1 | |a Bùi Lê Gôn. | |
| OWN | |a DUT | ||
| 999 | |a From the UDN01 | ||
| TYP | |a Monograph | ||
| TYP | |a Printed language | ||
| 980 | |a Mạng thư viện Đại học Đà Nẵng | ||